[Event "Zwolle KPMG op-B"]
[Site "Zwolle"]
[Date "2000.03.11"]
[Round "3"]
[White "Pruijssers, Roeland"]
[Black "Prins, R."]
[Result "1-0"]
[WhiteElo "1534"]
[BlackElo "1302"]
[PlyCount "29"]
[EventDate "2000.03.??"]
[EventType "swiss"]
[EventRounds "6"]
[EventCountry "NED"]
[SourceTitle "EXT 2004"]
[Source "ChessBase"]
[SourceDate "2003.11.25"]
[SourceVersion "1"]
[SourceVersionDate "2003.11.25"]
[SourceQuality "1"]

1. e4 e5 2. f4 exf4 3. Nf3 Nc6 4. d4 d6 5. Bxf4 g6 6. Bc4 Bh6 7. Bxh6 Nxh6 8. 0-0 0-0 9. Nc3 Na5 10. Bd3 Nc6 11. Qd2 Ng4 12. h3 Nf6 13. Qh6 Kh8 14. Ng5 Rg8 15. Nxf7# 1-0